[Event "Eliminacje Strefowe do MPJ WP+ZP - C-13"]
[Site "Skorzecin"]
[Date "2018.09.27"]
[Round "5.3"]
[White "Kossowski, Pawel"]
[Black "Lakowski, Filip"]
[Result "1-0"]
[BlackElo "1195"]
[WhiteElo "1506"]
[LiveChessVersion "1.4.8"]

1. e4 {[%clk 1:30:39]} c6 {[%clk 1:30:56]} 2. d4 {[%clk 1:29:26]} d5
{[%clk 1:31:22]} 3. Nc3 {[%clk 1:28:58]} dxe4 {[%clk 1:31:40]} 4. Nxe4
{[%clk 1:28:53]} Nd7 {[%clk 1:32:05]} 5. Nf3 {[%clk 1:26:29]} Ngf6
{[%clk 1:31:56]} 6. Ng3 {[%clk 1:25:36]} Nb6 {[%clk 1:31:53]} 7. c4
{[%clk 1:22:46]} Bg4 {[%clk 1:31:48]} 8. Be3 {[%clk 1:21:38]} e6 {[%clk 1:30:50]}
9. a3 Be7 10. h3 {[%clk 1:18:21]} Bxf3 {[%clk 1:31:03]} 11. Qxf3 {[%clk 1:17:45]}
Qd7 {[%clk 1:31:05]} 12. Be2 {[%clk 1:11:38]} Rd8 {[%clk 1:27:27]} 13. O-O
{[%clk 1:09:22]} O-O {[%clk 1:26:08]} 14. Rfd1 {[%clk 1:08:10]} Rfe8
{[%clk 1:24:21]} 15. Rd2 {[%clk 1:01:02]} h6 {[%clk 1:20:38]} 16. Rad1
{[%clk 0:59:44]} Qc7 {[%clk 1:17:16]} 17. Bf4 {[%clk 0:57:40]} Bd6
{[%clk 1:15:47]} 18. Bxd6 {[%clk 0:55:03]} Qxd6 {[%clk 1:13:14]} 19. c5
{[%clk 0:55:21]} Qd5 {[%clk 1:13:08]} 20. cxb6 {[%clk 0:55:24]} axb6
{[%clk 1:13:25]} 21. Qxd5 {[%clk 0:54:38]} Rxd5 {[%clk 1:13:44]} 22. Bf3
{[%clk 0:53:03]} Rb5 {[%clk 1:13:27]} 23. Ne4 {[%clk 0:52:30]} Nxe4
{[%clk 1:13:39]} 24. Bxe4 {[%clk 0:52:28]} Rd8 {[%clk 1:13:47]} 25. Kf1
{[%clk 0:52:00]} Kf8 {[%clk 1:14:06]} 26. Rc1 {[%clk 0:49:38]} e5
{[%clk 1:12:06]} 27. b4 {[%clk 0:45:03]} exd4 {[%clk 1:09:34]} 28. Rc4
{[%clk 0:44:19]} Rh5 {[%clk 1:09:20]} 29. Rcxd4 {[%clk 0:44:07]} Rxd4
{[%clk 1:09:41]} 30. Rxd4 {[%clk 0:44:30]} Rh4 {[%clk 1:10:06]} 31. f3
{[%clk 0:43:54]} f5 {[%clk 1:09:55]} 32. g3 {[%clk 0:40:53]} Rxh3
{[%clk 1:10:18]} 33. Bxf5 {[%clk 0:40:45]} Rxg3 {[%clk 1:10:37]} 34. Bg4
{[%clk 0:41:07]} h5 {[%clk 1:10:15]} 35. Kf2 {[%clk 0:40:10]} h4 {[%clk 1:10:37]}
36. Rd7 {[%clk 0:40:10]} c5 {[%clk 1:10:44]} 37. Rxb7 {[%clk 0:39:52]} cxb4
{[%clk 1:11:06]} 38. axb4 {[%clk 0:40:15]} g5 {[%clk 1:11:13]} 39. Rxb6
{[%clk 0:40:26]} Ke7 {[%clk 1:11:36]} 40. Rg6 {[%clk 0:40:20]} Rxg4
{[%clk 1:11:34]} 41. fxg4 {[%clk 0:40:42]} Kd7 {[%clk 1:11:56]} 42. Rxg5
{[%clk 0:40:53]} 1-0

[Event "Eliminacje Strefowe do MPJ WP+ZP - C-13"]
[Site "Skorzecin"]
[Date "2018.09.27"]
[Round "5.4"]
[White "Lokaj, Bartlomiej"]
[Black "Ullrich, Karol"]
[Result "1-0"]
[BlackElo "1330"]
[WhiteElo "1485"]
[LiveChessVersion "1.4.8"]

1. e4 {[%clk 1:30:30]} c6 {[%clk 1:30:55]} 2. d4 {[%clk 1:30:55]} d5
{[%clk 1:31:21]} 3. Nc3 {[%clk 1:31:15]} dxe4 {[%clk 1:31:36]} 4. Nxe4
{[%clk 1:31:40]} Nf6 {[%clk 1:31:44]} 5. Nxf6+ {[%clk 1:32:01]} exf6
{[%clk 1:32:08]} 6. c3 {[%clk 1:32:24]} Bf5 {[%clk 1:32:11]} 7. Bd3
{[%clk 1:32:20]} Bxd3 {[%clk 1:32:02]} 8. Qxd3 {[%clk 1:32:45]} Bd6
{[%clk 1:31:54]} 9. Nf3 {[%clk 1:32:42]} O-O {[%clk 1:32:02]} 10. O-O
{[%clk 1:32:54]} Nd7 {[%clk 1:31:11]} 11. Be3 {[%clk 1:32:34]} Qc7
{[%clk 1:29:19]} 12. b3 {[%clk 1:21:44]} Rad8 {[%clk 1:25:59]} 13. h3
{[%clk 1:12:17]} Nb6 {[%clk 1:24:21]} 14. c4 {[%clk 1:09:22]} Bf4
{[%clk 1:24:43]} 15. Rad1 {[%clk 0:59:24]} Rfe8 {[%clk 1:08:52]} 16. Rfe1
{[%clk 0:51:29]} a6 {[%clk 1:03:23]} 17. Qf5 {[%clk 0:44:11]} Bxe3
{[%clk 1:03:06]} 18. fxe3 {[%clk 0:44:34]} Qg3 {[%clk 0:58:04]} 19. e4
{[%clk 0:42:28]} Nd7 {[%clk 0:54:23]} 20. Qa5 {[%clk 0:31:37]} b6
{[%clk 0:50:51]} 21. Qc3 {[%clk 0:30:34]} c5 {[%clk 0:42:12]} 22. dxc5
{[%clk 0:19:01]} Nxc5 {[%clk 0:41:26]} 23. Rxd8 {[%clk 0:07:23]} Rxd8
{[%clk 0:41:47]} 24. e5 {[%clk 0:05:57]} fxe5 {[%clk 0:42:04]} 25. Qxe5
{[%clk 0:06:07]} Qxe5 {[%clk 0:41:18]} 26. Nxe5 {[%clk 0:04:59]} g6
{[%clk 0:39:20]} 27. b4 {[%clk 0:01:53]} Ne6 {[%clk 0:37:22]} 28. a4
{[%clk 0:00:49]} Rd2 {[%clk 0:34:34]} 29. b5 {[%clk 0:00:38]} Ra2
{[%clk 0:32:35]} 30. Nd7 {[%clk 0:00:58]} Rxa4 {[%clk 0:32:49]} 31. Nxb6
{[%clk 0:01:19]} Rb4 {[%clk 0:32:52]} 32. Nd5 {[%clk 0:00:33]} Rxc4
{[%clk 0:32:55]} 33. b6 {[%clk 0:00:34]} Nc5 {[%clk 0:29:14]} 34. Re8+
{[%clk 0:00:46]} Kg7 {[%clk 0:29:31]} 35. Rc8 {[%clk 0:01:07]} Rc1+
{[%clk 0:24:49]} 36. Kh2 {[%clk 0:01:31]} Rb1 {[%clk 0:22:36]} 37. Rxc5
{[%clk 0:01:51]} Kh6 {[%clk 0:22:28]} 38. Ra5 {[%clk 0:01:46]} Kg7
{[%clk 0:22:42]} 39. Rxa6 {[%clk 0:02:06]} Rb5 {[%clk 0:23:03]} 40. Nc7
{[%clk 0:01:03]} Rb1 {[%clk 0:23:03]} 41. Na8 {[%clk 0:01:13]} Kh6
{[%clk 0:23:12]} 42. Ra7 {[%clk 0:01:32]} Kg7 43. Rc7 {[%clk 0:01:45]} Rb2
{[%clk 0:23:38]} 44. Rb7 {[%clk 0:01:33]} Rb3 {[%clk 0:23:26]} 45. Nc7
{[%clk 0:01:29]} Kf6 {[%clk 0:23:25]} 46. Na6 {[%clk 0:00:44]} Rb5
{[%clk 0:23:33]} 47. Rb8 {[%clk 0:00:40]} Ra5 {[%clk 0:22:20]} 48. b7
{[%clk 0:00:44]} Rb5 {[%clk 0:21:19]} 49. Nc5 {[%clk 0:00:43]} Rxc5
{[%clk 0:21:42]} 50. Rc8 {[%clk 0:01:09]} Rb5 {[%clk 0:22:08]} 51. b8=Q
{[%clk 0:01:32]} Rxb8 {[%clk 0:22:33]} 52. Rxb8 {[%clk 0:01:56]} Kg5
{[%clk 0:23:01]} 53. g4 {[%clk 0:01:53]} h5 {[%clk 0:23:22]} 54. Kg3
{[%clk 0:01:46]} h4+ {[%clk 0:23:46]} 55. Kf3 {[%clk 0:02:10]} f5
{[%clk 0:24:10]} 56. gxf5 {[%clk 0:02:18]} Kxf5 {[%clk 0:24:33]} 57. Rb4
{[%clk 0:02:38]} g5 {[%clk 0:24:56]} 58. Rb5+ {[%clk 0:03:04]} Kg6
{[%clk 0:25:20]} 59. Ke4 1-0

[Event "Eliminacje Strefowe do MPJ WP+ZP - C-13"]
[Site "Skorzecin"]
[Date "2018.09.27"]
[Round "6.1"]
[White "Luczak, Filip"]
[Black "Kossowski, Pawel"]
[Result "1-0"]
[BlackElo "1506"]
[WhiteElo "2095"]
[LiveChessVersion "1.4.8"]

1. Nf3 {[%clk 1:30:55]} d5 {[%clk 1:30:41]} 2. g3 {[%clk 1:31:20]} Nf6
{[%clk 1:30:53]} 3. Bg2 {[%clk 1:31:43]} c6 {[%clk 1:30:50]} 4. O-O
{[%clk 1:32:05]} Bg4 {[%clk 1:30:32]} 5. d3 {[%clk 1:31:40]} Nbd7
{[%clk 1:30:16]} 6. Nbd2 {[%clk 1:31:53]} e6 {[%clk 1:29:47]} 7. h3
{[%clk 1:32:10]} Bh5 {[%clk 1:29:40]} 8. b3 {[%clk 1:31:17]} Be7 {[%clk 1:29:17]}
9. Bb2 {[%clk 1:31:29]} O-O {[%clk 1:28:35]} 10. g4 {[%clk 1:28:33]} Bg6
{[%clk 1:27:14]} 11. Nh4 {[%clk 1:28:04]} e5 {[%clk 1:24:35]} 12. e3
{[%clk 1:22:11]} Qb6 {[%clk 1:21:11]} 13. Kh1 {[%clk 1:19:40]} Ne8
{[%clk 1:17:58]} 14. Ndf3 {[%clk 1:12:33]} f6 {[%clk 1:12:53]} 15. Nxg6
{[%clk 1:05:33]} hxg6 {[%clk 1:13:13]} 16. Qe2 {[%clk 1:04:15]} Nc7
{[%clk 1:09:18]} 17. Nh4 {[%clk 0:59:14]} Kh7 {[%clk 1:05:37]} 18. f4
{[%clk 0:58:07]} exf4 {[%clk 1:02:17]} 19. exf4 {[%clk 0:57:24]} Rfe8
{[%clk 1:00:12]} 20. Qf3 {[%clk 0:54:47]} Bc5 {[%clk 0:57:11]} 21. g5
{[%clk 0:49:19]} f5 {[%clk 0:50:08]} 22. Rae1 {[%clk 0:40:31]} Re3
{[%clk 0:43:54]} 23. Rxe3 {[%clk 0:40:09]} Bxe3 {[%clk 0:44:19]} 24. Nxf5
{[%clk 0:29:02]} gxf5 {[%clk 0:41:39]} 25. Qh5+ {[%clk 0:29:29]} Kg8
{[%clk 0:41:19]} 26. g6 {[%clk 0:29:46]} Nf8 {[%clk 0:39:39]} 27. Qxf5
{[%clk 0:30:05]} d4 {[%clk 0:35:00]} 28. Qf7+ {[%clk 0:28:42]} Kh8
{[%clk 0:34:56]} 29. f5 {[%clk 0:28:31]} Bh6 {[%clk 0:26:58]} 30. f6
{[%clk 0:26:19]} Nce6 {[%clk 0:24:29]} 31. fxg7+ {[%clk 0:25:21]} Bxg7
{[%clk 0:22:09]} 32. Rf5 {[%clk 0:24:17]} Qc5 {[%clk 0:13:55]} 33. Rxc5
{[%clk 0:24:18]} Nxc5 {[%clk 0:14:18]} 34. Ba3 {[%clk 0:23:07]} Nfd7
{[%clk 0:13:53]} 35. Bxc5 {[%clk 0:21:05]} Nxc5 {[%clk 0:14:17]} 36. Qf5
{[%clk 0:20:44]} Na6 {[%clk 0:13:39]} 37. h4 {[%clk 0:20:19]} Nb4
{[%clk 0:11:15]} 38. Be4 {[%clk 0:18:51]} Nxc2 {[%clk 0:10:29]} 39. Qh5+
{[%clk 0:19:11]} Kg8 {[%clk 0:10:51]} 40. Qh7+ {[%clk 0:19:26]} Kf8
{[%clk 0:11:15]} 41. h5 {[%clk 0:18:34]} 1-0

[Event "Eliminacje Strefowe do MPJ WP+ZP - C-13"]
[Site "Skorzecin"]
[Date "2018.09.27"]
[Round "6.2"]
[White "Lokaj, Bartlomiej"]
[Black "Ochedzan, Tymon"]
[Result "0-1"]
[BlackElo "1890"]
[WhiteElo "1485"]
[LiveChessVersion "1.4.8"]

1. e4 {[%clk 1:30:42]} c5 {[%clk 1:30:56]} 2. c3 {[%clk 1:30:54]} d5
{[%clk 1:30:56]} 3. exd5 {[%clk 1:31:15]} Qxd5 {[%clk 1:31:19]} 4. d4
{[%clk 1:31:36]} Nf6 {[%clk 1:31:07]} 5. Nf3 {[%clk 1:31:46]} Bg4
{[%clk 1:30:39]} 6. dxc5 {[%clk 1:32:06]} Qxd1+ {[%clk 1:23:11]} 7. Kxd1
{[%clk 1:32:26]} e5 {[%clk 1:20:31]} 8. b4 {[%clk 1:32:43]} e4 {[%clk 1:12:59]}
9. h3 {[%clk 1:32:46]} Bh5 {[%clk 1:08:50]} 10. g4 {[%clk 1:32:58]} Nxg4
{[%clk 1:07:13]} 11. hxg4 {[%clk 1:33:06]} Bxg4 {[%clk 1:07:09]} 12. Bb5+
{[%clk 1:31:51]} Nc6 {[%clk 1:06:08]} 13. Kc2 {[%clk 1:28:22]} Bxf3
{[%clk 0:58:08]} 14. Re1 {[%clk 1:28:10]} O-O-O {[%clk 0:56:59]} 15. Nd2
{[%clk 1:21:00]} a6 {[%clk 0:50:47]} 16. Nxf3 {[%clk 1:16:38]} exf3
{[%clk 0:49:45]} 17. Bc4 {[%clk 1:16:40]} Be7 {[%clk 0:47:10]} 18. Bf4
{[%clk 1:16:09]} Rhf8 {[%clk 0:31:17]} 19. Re3 {[%clk 1:13:37]} g5
{[%clk 0:26:28]} 20. Bg3 {[%clk 1:12:08]} g4 {[%clk 0:23:59]} 21. Re4
{[%clk 1:11:57]} h5 {[%clk 0:20:40]} 22. Rh1 {[%clk 1:10:26]} h4 {[%clk 0:18:05]}
23. Bxh4 {[%clk 1:00:05]} Bxh4 {[%clk 0:17:54]} 24. Rxh4 {[%clk 1:00:28]} f5
{[%clk 0:17:39]} 25. Re6 {[%clk 0:56:55]} Rh8 {[%clk 0:14:55]} 26. Reh6
{[%clk 0:55:40]} Rxh6 {[%clk 0:13:44]} 27. Rxh6 {[%clk 0:56:02]} Rf8
{[%clk 0:12:36]} 28. Kd2 {[%clk 0:37:19]} Ne5 {[%clk 0:06:26]} 29. Be6+
{[%clk 0:34:22]} Kc7 {[%clk 0:06:45]} 30. Ke3 {[%clk 0:28:52]} f4+
{[%clk 0:06:00]} 31. Ke4 {[%clk 0:28:08]} g3 {[%clk 0:05:36]} 32. Rh7+
{[%clk 0:25:27]} Kb8 {[%clk 0:04:51]} 33. Bd5 {[%clk 0:24:22]} gxf2
{[%clk 0:03:08]} 34. Rh1 {[%clk 0:24:13]} Re8 {[%clk 0:02:47]} 35. Kxf4
{[%clk 0:08:42]} Nd3+ {[%clk 0:02:13]} 36. Kxf3 {[%clk 0:09:03]} Re1
{[%clk 0:02:27]} 37. Kg2 {[%clk 0:09:29]} Rxh1 {[%clk 0:02:38]} 0-1

[Event "Eliminacje Strefowe do MPJ WP+ZP - C-13"]
[Site "Skorzecin"]
[Date "2018.09.27"]
[Round "6.3"]
[White "Stachecki, Mikolaj"]
[Black "Katny, Samuel"]
[Result "1-0"]
[BlackElo "1357"]
[WhiteElo "1482"]
[LiveChessVersion "1.4.8"]

1. e4 {[%clk 1:30:58]} e5 {[%clk 1:30:55]} 2. Nf3 {[%clk 1:31:24]} Nc6
{[%clk 1:31:19]} 3. Bc4 {[%clk 1:31:44]} Bc5 {[%clk 1:31:37]} 4. O-O
{[%clk 1:32:06]} Nf6 {[%clk 1:31:45]} 5. d4 {[%clk 1:28:31]} Bd6 {[%clk 1:29:40]}
6. dxe5 {[%clk 1:27:18]} Bxe5 {[%clk 1:29:39]} 7. Nxe5 {[%clk 1:26:02]} Nxe5
{[%clk 1:29:59]} 8. Bb3 {[%clk 1:25:20]} d6 {[%clk 1:25:53]} 9. Bf4
{[%clk 1:16:06]} O-O {[%clk 1:25:59]} 10. f3 {[%clk 1:16:10]} Nc6
{[%clk 1:25:11]} 11. c3 {[%clk 1:15:01]} Qe7 {[%clk 1:22:24]} 12. Re1
{[%clk 1:06:23]} Re8 {[%clk 1:22:16]} 13. Nd2 {[%clk 1:06:20]} Bd7
{[%clk 1:14:49]} 14. a4 {[%clk 1:04:44]} Nh5 {[%clk 1:14:28]} 15. Be3
{[%clk 1:03:59]} Qf6 {[%clk 1:12:14]} 16. f4 {[%clk 0:47:43]} g6 {[%clk 1:06:24]}
17. f5 {[%clk 0:46:56]} Ng7 {[%clk 1:06:27]} 18. fxg6 {[%clk 0:46:38]} Qxg6
{[%clk 1:04:00]} 19. Bd5 {[%clk 0:42:39]} Kh8 {[%clk 1:01:02]} 20. Bd4
{[%clk 0:39:26]} Nxd4 {[%clk 1:00:35]} 21. cxd4 c6 {[%clk 0:59:56]} 22. Bc4
{[%clk 0:39:35]} Bg4 {[%clk 0:59:19]} 23. Be2 {[%clk 0:39:43]} Bd7
{[%clk 0:55:40]} 24. Nc4 {[%clk 0:33:40]} Rxe4 {[%clk 0:49:55]} 25. Rf1
{[%clk 0:30:32]} Re7 {[%clk 0:42:18]} 26. Ra3 {[%clk 0:28:07]} Rae8
{[%clk 0:34:37]} 27. Rg3 {[%clk 0:25:05]} Qh6 {[%clk 0:30:43]} 28. Bd3
{[%clk 0:23:57]} Qe6 {[%clk 0:24:55]} 29. Rgf3 {[%clk 0:23:09]} Qd5
{[%clk 0:24:07]} 30. Rf4 {[%clk 0:22:00]} Re6 {[%clk 0:17:23]} 31. Rxf7
{[%clk 0:20:55]} Nf5 {[%clk 0:14:35]} 32. Bxf5 {[%clk 0:17:42]} Re1
{[%clk 0:13:16]} 33. Rxh7+ {[%clk 0:17:51]} Kg8 {[%clk 0:13:33]} 34. Qg4+
{[%clk 0:18:07]} Kf8 {[%clk 0:13:30]} 35. Qg7# {[%clk 0:18:30]} 1-0

[Event "Eliminacje Strefowe do MPJ WP+ZP - C-13"]
[Site "Skorzecin"]
[Date "2018.09.27"]
[Round "6.4"]
[White "Rosenfeld, Noe"]
[Black "Jedraszek, Pawel"]
[Result "0-1"]
[BlackElo "1613"]
[WhiteElo "1306"]
[LiveChessVersion "1.4.8"]

1. e4 {[%clk 1:30:59]} c5 {[%clk 1:30:51]} 2. Nc3 {[%clk 1:31:10]} Nc6
{[%clk 1:31:07]} 3. Bc4 {[%clk 1:31:33]} g6 {[%clk 1:31:02]} 4. f4
{[%clk 1:31:57]} Bg7 {[%clk 1:31:01]} 5. d3 {[%clk 1:32:04]} e6 {[%clk 1:30:41]}
6. Nf3 {[%clk 1:32:00]} Nge7 {[%clk 1:30:15]} 7. O-O {[%clk 1:32:05]} O-O
{[%clk 1:30:14]} 8. Qe1 {[%clk 1:32:21]} d5 {[%clk 1:27:41]} 9. Bb3
{[%clk 1:32:21]} Nd4 {[%clk 1:24:38]} 10. Nxd4 {[%clk 1:25:35]} Bxd4+
{[%clk 1:22:46]} 11. Kh1 {[%clk 1:24:36]} Bg7 {[%clk 1:11:19]} 12. a4
{[%clk 1:21:10]} dxe4 {[%clk 1:05:58]} 13. dxe4 {[%clk 1:18:51]} b6
{[%clk 1:05:16]} 14. e5 {[%clk 1:13:37]} Nf5 {[%clk 1:03:11]} 15. Be3
{[%clk 1:10:27]} Bb7 {[%clk 0:59:28]} 16. Rd1 {[%clk 1:06:46]} Qe7
{[%clk 0:57:22]} 17. Nb5 {[%clk 0:58:11]} Rfd8 {[%clk 0:56:33]} 18. Bf2
{[%clk 0:50:32]} a6 {[%clk 0:54:15]} 19. Nc3 {[%clk 0:49:47]} Bh6
{[%clk 0:51:54]} 20. Kg1 {[%clk 0:47:57]} Bxf4 {[%clk 0:49:26]} 21. g3
{[%clk 0:45:24]} Bh6 {[%clk 0:45:56]} 22. g4 {[%clk 0:43:18]} Qg5
{[%clk 0:44:20]} 23. h3 {[%clk 0:43:06]} Rxd1 {[%clk 0:39:21]} 24. Nxd1
{[%clk 0:43:22]} Rd8 {[%clk 0:34:33]} 25. Ne3 {[%clk 0:41:23]} Nd4 0-1

[Event "Eliminacje Strefowe do MPJ WP+ZP - C-13"]
[Site "Skorzecin"]
[Date "2018.09.28"]
[Round "7.1"]
[White "Luczak, Filip"]
[Black "Stachecki, Mikolaj"]
[Result "1-0"]
[BlackElo "1482"]
[WhiteElo "2095"]
[LiveChessVersion "1.4.8"]

1. Nf3 {[%clk 1:30:55]} Nf6 {[%clk 1:30:56]} 2. g3 {[%clk 1:31:21]} g6
{[%clk 1:31:21]} 3. Bg2 {[%clk 1:31:48]} Bg7 {[%clk 1:31:40]} 4. c4
{[%clk 1:31:59]} d6 {[%clk 1:31:58]} 5. O-O {[%clk 1:32:15]} O-O {[%clk 1:32:23]}
6. Nc3 {[%clk 1:32:21]} Nbd7 {[%clk 1:31:06]} 7. d4 {[%clk 1:31:44]} e5
{[%clk 1:31:19]} 8. e4 {[%clk 1:31:29]} Re8 {[%clk 1:30:16]} 9. d5
{[%clk 1:29:23]} a5 {[%clk 1:27:07]} 10. Re1 {[%clk 1:27:30]} Nc5
{[%clk 1:26:43]} 11. Rb1 {[%clk 1:25:44]} c6 {[%clk 1:16:49]} 12. b3
{[%clk 1:18:00]} cxd5 {[%clk 1:14:14]} 13. cxd5 {[%clk 1:16:42]} Bd7
{[%clk 1:13:03]} 14. a4 {[%clk 1:13:03]} Qc7 {[%clk 1:05:15]} 15. Ba3
{[%clk 1:10:20]} b6 {[%clk 1:04:50]} 16. Bf1 {[%clk 1:06:22]} Bf8
{[%clk 0:57:50]} 17. Nd2 {[%clk 1:02:58]} Red8 {[%clk 0:47:04]} 18. Qf3
{[%clk 0:50:02]} Kg7 {[%clk 0:44:28]} 19. Nb5 {[%clk 0:47:51]} Qb7
{[%clk 0:40:41]} 20. Bb2 {[%clk 0:40:41]} Nh5 {[%clk 0:33:56]} 21. g4
{[%clk 0:37:53]} Nf6 {[%clk 0:33:50]} 22. h3 {[%clk 0:38:02]} h5 {[%clk 0:30:27]}
23. g5 {[%clk 0:37:23]} Ne8 {[%clk 0:25:31]} 24. Qg3 {[%clk 0:35:35]} Kg8
{[%clk 0:16:43]} 25. f4 {[%clk 0:29:10]} exf4 {[%clk 0:14:05]} 26. Qxf4
{[%clk 0:29:32]} Bg7 {[%clk 0:13:38]} 27. Bxg7 {[%clk 0:29:06]} Kxg7
{[%clk 0:13:37]} 28. Nxd6 {[%clk 0:27:59]} Nxd6 {[%clk 0:13:58]} 29. Qxd6
{[%clk 0:28:16]} Kg8 {[%clk 0:14:06]} 30. Qf6 {[%clk 0:27:20]} Qc7
{[%clk 0:12:56]} 31. e5 {[%clk 0:24:43]} Bf5 {[%clk 0:13:04]} 32. Rbd1
{[%clk 0:19:31]} Nd7 {[%clk 0:09:56]} 33. Qc6 {[%clk 0:19:29]} Qa7
{[%clk 0:09:01]} 34. e6 {[%clk 0:14:43]} Nb8 {[%clk 0:06:52]} 35. Qb5
{[%clk 0:13:33]} Qc7 {[%clk 0:06:20]} 36. e7 {[%clk 0:11:48]} Qg3+
{[%clk 0:05:54]} 37. Bg2 {[%clk 0:12:05]} Nd7 {[%clk 0:05:11]} 38. exd8=Q+
{[%clk 0:12:27]} Rxd8 {[%clk 0:05:33]} 39. Ne4 {[%clk 0:12:15]} 1-0

[Event "Eliminacje Strefowe do MPJ WP+ZP - C-13"]
[Site "Skorzecin"]
[Date "2018.09.28"]
[Round "7.2"]
[White "Ochedzan, Tymon"]
[Black "Jedraszek, Pawel"]
[Result "1-0"]
[BlackElo "1613"]
[WhiteElo "1890"]
[LiveChessVersion "1.4.8"]

1. e4 {[%clk 1:30:57]} c5 {[%clk 1:30:52]} 2. Nf3 {[%clk 1:31:14]} d6
{[%clk 1:31:18]} 3. d4 {[%clk 1:31:13]} cxd4 {[%clk 1:31:42]} 4. Nxd4
{[%clk 1:31:39]} Nf6 {[%clk 1:32:05]} 5. Nc3 {[%clk 1:31:56]} a6 {[%clk 1:32:24]}
6. Bg5 {[%clk 1:31:15]} e6 {[%clk 1:31:28]} 7. f4 {[%clk 1:31:19]} Be7
{[%clk 1:31:05]} 8. Qf3 {[%clk 1:30:31]} h6 {[%clk 1:30:40]} 9. Bh4
{[%clk 1:28:53]} Nbd7 {[%clk 1:28:52]} 10. O-O-O {[%clk 1:28:45]} Qc7
{[%clk 1:28:46]} 11. Be2 {[%clk 1:25:20]} O-O {[%clk 1:26:39]} 12. g4
{[%clk 1:20:21]} b5 {[%clk 1:23:55]} 13. a3 {[%clk 1:11:34]} Bb7 {[%clk 1:13:34]}
14. g5 {[%clk 1:00:26]} hxg5 {[%clk 1:13:38]} 15. Bxg5 {[%clk 1:00:48]} Nc5
{[%clk 1:11:11]} 16. Bd3 {[%clk 0:55:08]} Rfc8 {[%clk 1:07:50]} 17. Rhe1
{[%clk 0:50:57]} Qa5 {[%clk 1:03:33]} 18. Qh3 {[%clk 0:44:31]} b4
{[%clk 0:59:19]} 19. axb4 {[%clk 0:44:50]} Nxd3+ {[%clk 0:55:09]} 20. Qxd3
{[%clk 0:41:39]} Qxb4 {[%clk 0:53:47]} 21. e5 {[%clk 0:38:49]} dxe5
{[%clk 0:53:46]} 22. fxe5 {[%clk 0:38:53]} Ne8 {[%clk 0:40:34]} 23. Bxe7
{[%clk 0:38:02]} Qxe7 {[%clk 0:41:01]} 24. Rg1 {[%clk 0:35:58]} Rab8
{[%clk 0:38:45]} 25. Rg4 {[%clk 0:29:33]} Qc5 {[%clk 0:24:37]} 26. Qg3
{[%clk 0:27:06]} Rd8 {[%clk 0:23:48]} 27. Rh4 {[%clk 0:20:58]} Bd5
{[%clk 0:22:21]} 28. Qh3 {[%clk 0:17:55]} Kf8 {[%clk 0:22:38]} 29. Rh8+
{[%clk 0:17:47]} Ke7 {[%clk 0:23:03]} 30. Qh4+ {[%clk 0:17:55]} Kd7
{[%clk 0:22:30]} 31. Nxd5 {[%clk 0:17:06]} exd5 {[%clk 0:22:48]} 32. Qf2
{[%clk 0:15:43]} Qe7 {[%clk 0:22:20]} 33. Qf5+ {[%clk 0:11:50]} Kc7
{[%clk 0:22:38]} 34. Rd3 {[%clk 0:11:17]} Kb7 {[%clk 0:20:03]} 35. Rb3+
{[%clk 0:10:02]} Kc7 {[%clk 0:19:47]} 36. Rc3+ {[%clk 0:10:09]} Kb7
{[%clk 0:19:56]} 37. Nc6 {[%clk 0:09:53]} Qe6 {[%clk 0:20:06]} 38. Qxe6
{[%clk 0:09:47]} fxe6 {[%clk 0:20:35]} 39. Nxb8 {[%clk 0:10:02]} Kxb8
{[%clk 0:20:46]} 40. Rc6 {[%clk 0:09:47]} Kb7 {[%clk 0:20:22]} 41. Rxe6
{[%clk 0:10:04]} Nc7 {[%clk 0:20:49]} 42. Rxd8 {[%clk 0:10:24]} Nxe6
{[%clk 0:21:15]} 43. Rxd5 {[%clk 0:10:46]} Nf4 {[%clk 0:21:24]} 44. Rd7+
{[%clk 0:10:57]} Kc6 {[%clk 0:21:47]} 45. Rxg7 {[%clk 0:11:13]} Kd5
{[%clk 0:22:06]} 46. Rf7 {[%clk 0:11:15]} Kxe5 {[%clk 0:22:27]} 47. Rxf4
{[%clk 0:11:35]} Kxf4 {[%clk 0:22:56]} 48. Kd2 {[%clk 0:11:33]} Kg4
{[%clk 0:23:08]} 49. c4 {[%clk 0:11:49]} Kf4 {[%clk 0:23:15]} 50. c5
{[%clk 0:12:11]} Ke5 {[%clk 0:23:39]} 51. h4 {[%clk 0:12:27]} Kd5
{[%clk 0:24:04]} 52. h5 {[%clk 0:12:42]} Ke6 {[%clk 0:24:31]} 53. h6
{[%clk 0:13:06]} Kd5 {[%clk 0:24:52]} 54. h7 {[%clk 0:13:31]} a5 {[%clk 0:25:15]}
55. h8=Q {[%clk 0:13:54]} Kc4 {[%clk 0:25:40]} 56. c6 {[%clk 0:14:08]} Kb3
{[%clk 0:26:02]} 57. Qc3+ {[%clk 0:14:25]} Ka2 {[%clk 0:26:25]} 58. Kc2
{[%clk 0:14:45]} Ka1 {[%clk 0:26:36]} 59. Qa3# {[%clk 0:15:07]} 1-0

[Event "Eliminacje Strefowe do MPJ WP+ZP - C-13"]
[Site "Skorzecin"]
[Date "2018.09.28"]
[Round "7.3"]
[White "Mozdzanowski, Filip"]
[Black "Kossowski, Pawel"]
[Result "1/2-1/2"]
[BlackElo "1506"]
[WhiteElo "1474"]
[LiveChessVersion "1.4.8"]

1. Nf3 {[%clk 1:30:55]} d5 {[%clk 1:30:38]} 2. g3 {[%clk 1:31:19]} Nf6
{[%clk 1:30:32]} 3. Bg2 {[%clk 1:31:43]} c6 {[%clk 1:30:19]} 4. d3
{[%clk 1:32:02]} Bg4 {[%clk 1:30:13]} 5. Nbd2 {[%clk 1:31:52]} Nbd7
{[%clk 1:29:51]} 6. h3 {[%clk 1:32:10]} Bh5 {[%clk 1:28:51]} 7. O-O
{[%clk 1:30:18]} e6 {[%clk 1:28:21]} 8. e4 {[%clk 1:27:47]} Qc7 {[%clk 1:21:37]}
9. c3 {[%clk 1:25:06]} Be7 {[%clk 1:17:00]} 10. Qe2 {[%clk 1:20:46]} O-O
{[%clk 1:13:23]} 11. g4 {[%clk 1:18:04]} Bg6 {[%clk 1:11:50]} 12. Nh4
{[%clk 1:15:20]} Ne8 {[%clk 1:05:51]} 13. Nxg6 {[%clk 1:14:55]} hxg6
{[%clk 1:06:07]} 14. exd5 {[%clk 1:14:01]} cxd5 {[%clk 0:57:41]} 15. Bxd5
{[%clk 1:13:39]} Bc5 16. Bg2 {[%clk 1:13:37]} Nef6 {[%clk 0:55:58]} 17. d4
{[%clk 1:12:16]} Bd6 {[%clk 0:53:16]} 18. Ne4 {[%clk 1:08:29]} Nxe4
{[%clk 0:51:21]} 19. Qxe4 {[%clk 1:08:35]} Rab8 {[%clk 0:50:38]} 20. Be3
{[%clk 0:56:45]} Nf6 {[%clk 0:47:38]} 21. Qd3 {[%clk 0:54:56]} b5
{[%clk 0:42:25]} 22. f4 {[%clk 0:41:54]} Rfe8 {[%clk 0:38:56]} 23. Rae1
{[%clk 0:41:14]} a6 {[%clk 0:34:44]} 24. f5 {[%clk 0:37:59]} gxf5
{[%clk 0:32:46]} 25. gxf5 {[%clk 0:22:59]} e5 {[%clk 0:30:38]} 26. dxe5
{[%clk 0:20:03]} Bxe5 {[%clk 0:29:16]} 27. Bf3 {[%clk 0:17:25]} Rbd8
{[%clk 0:27:58]} 28. Qe2 {[%clk 0:14:05]} Bg3 {[%clk 0:25:41]} 29. Rd1
{[%clk 0:14:29]} Rxd1 {[%clk 0:25:32]} 30. Rxd1 {[%clk 0:14:09]} Qe5 31. Rd3 Qxf5
{[%clk 0:24:26]} 32. Bg4 {[%clk 0:11:21]} Nxg4 {[%clk 0:22:59]} 33. hxg4
{[%clk 0:11:42]} Qe4 {[%clk 0:23:15]} 34. Qd1 {[%clk 0:09:24]} Qc6
{[%clk 0:17:14]} 35. Bf2 {[%clk 0:06:57]} Bxf2+ {[%clk 0:16:12]} 36. Kxf2
{[%clk 0:06:58]} Qf6+ {[%clk 0:13:40]} 37. Qf3 {[%clk 0:05:32]} 1/2-1/2